La loca de la casa

Guardat en:
Dades bibliogràfiques
Autor principal: Montero, Rosa (autora)
Format: Llibre
Idioma:espanyol
Publicat: Madrid Punto de Lectura 2007
Edició:3a. ed
Matèries:
Etiquetes: Afegir etiqueta
Sense etiquetes, Sigues el primer a etiquetar aquest registre!

MARC

LEADER 00000nam a2200000 a 4500
001 UCH2546
003 CL-VaPUC
008 090618e20070000SP |||||||||||||||||spa|d
020 |a 9788466318693 
082 0 4 |a 863  |b MON  |2 21 
100 |a Montero, Rosa  |e autora  |9 431317 
245 1 3 |a La loca de la casa 
250 |a 3a. ed 
300 |a 248 p 
942 |c BK 
945 |d 20090618 00:00:00  |a rbrito 
260 |a Madrid  |b Punto de Lectura  |c 2007 
650 0 |a Novelas españolas  |9 265052 
583 |a last modification  |c 20090618 00:00:00  |k Rodrigo Vera 
999 |c 334272  |d 334270 
952 |0 0  |1 0  |4 0  |6 863_000000000000000_MON_2007  |7 0  |8 A  |9 423221  |a BIBCUR  |b BIBCUR  |d 2019-11-22  |i 4562267  |o 863 MON 2007  |p 4562267  |r 2025-04-22  |w 2019-11-22  |y BK  |k PER